000 00175nam a2200073Ia 4500
008 170620s9999 xx 000 0 und d
100 _aAggarwal
245 0 _aPSYCHOLOGICAL PHILOSOPHICAL AND
260 _bSHIPRA
999 _c26853
_d26853